| 000 | 01347cam a2200361 i 4500 | ||
|---|---|---|---|
| 001 | 14846902 | ||
| 003 | EG-ScBUE | ||
| 005 | 20241110105143.0 | ||
| 008 | 070511t2007 nyu f b 001 0 eng d | ||
| 020 | _a0387719385 | ||
| 020 | _a9780387719382 | ||
| 035 | _a(OCoLC)ocn153582026 | ||
| 040 |
_aYDXCP _beng _erda _cYDXCP _dBTCTA _dBAKER _dOHX _dUUM _dDLC _dEG-ScBUE |
||
| 082 | 0 | 4 |
_a519.2 _222 _bBHA |
| 100 | 1 |
_aBhattacharya, R. N. _q(Rabindra Nath), _d1937- _eauthor. |
|
| 245 | 1 | 2 |
_aA Basic course in probablity theory / _cRabi Bhattacharya, Edward C. Waymire. |
| 264 | 1 |
_aNew York : _bSpringer, _c[2007] |
|
| 264 | 4 | _cc2007 | |
| 300 |
_axii, 210 pages ; _c24 cm. |
||
| 336 |
_2rdacontent _atext _btxt |
||
| 337 |
_aunmediated _2rdamedia _bn |
||
| 338 |
_avolume _bnc _2rdacarrier |
||
| 490 | 0 | _aUniversitext | |
| 504 | _aIncludes bibliographical references and index. | ||
| 650 | 7 |
_aProbabilities. _2BUEsh |
|
| 655 | _vReading book | ||
| 700 | 1 |
_aWaymire, Edward C., _eauthor. |
|
| 856 | 4 | 2 |
_3Publisher description _uhttp://www.loc.gov/catdir/enhancements/fy0825/2007928731-d.html |
| 856 | 4 | 1 |
_3Table of contents only _uhttp://www.loc.gov/catdir/enhancements/fy0825/2007928731-t.html |
| 942 |
_2ddc _cBB |
||
| 999 |
_c10691 _d10691 |
||